000
00302 a2200145 4500
001
167863
020
_a
040
_c
Magnum
100
_a
Levi-Strauss, Claude
240
1
0
_a
O pensamento selvagem
_l
por
245
1
0
_a
O pensamento selvagem
362
0
_a
1899
697
_a
SOCIOLOGIA
942
_c
BK
999
_c
167863
_d
167863